[Event "IRQ Clubs-chT"]
[Site "Baghdad"]
[Date "2017.08.16"]
[Round "1.2"]
[White "Qambar, Salah Noori Qambar"]
[Black "Nameer, Noor Al Deen"]
[Result "1/2-1/2"]
[WhiteElo "2133"]
[BlackElo "2152"]
[PlyCount "141"]
[EventDate "2017.08.16"]
[EventType "team-swiss"]
[EventRounds "7"]
[EventCountry "IRQ"]
[SourceTitle "CBM 180 Extra"]
[Source "ChessBase"]
[SourceDate "2017.10.06"]
[SourceVersion "1"]
[SourceVersionDate "2017.10.06"]
[SourceQuality "1"]
[WhiteTeam "Hadef"]
[BlackTeam "Peshmarga"]
[WhiteTeamCountry "IRQ"]
[BlackTeamCountry "IRQ"]

1. d4 Nf6 2. Nf3 g6 3. c4 Bg7 4. Nc3 0-0 5. Bg5 d6 6. e3 c5 7. d5 h6 8. Bh4 Qa5 9. Nd2 a6 10. a4 e6 11. Be2 exd5 12. cxd5 Qb4 13. Bxf6 Bxf6 14. Qb3 Bf5 15. a5 Nd7 16. 0-0 Rfe8 17. g4 Bxg4 18. Qxb4 cxb4 19. Bxg4 bxc3 20. Bxd7 Re7 21. Nc4 cxb2 22. Ra3 Rxd7 23. Nb6 Rad8 24. Nxd7 Rxd7 25. Ra4 Rc7 26. Kg2 Rc1 27. Rb4 Rc5 28. e4 Rxa5 29. Rxb7 Ra1 30. f4 Bd4 31. Rb8+ Kg7 32. e5 Ra5 33. Rd1 dxe5 34. fxe5 Bxe5 35. d6 Ra1 36. Rf1 Ra2 37. Rf2 Bxd6 38. Rbxb2 Rxb2 39. Rxb2 a5 40. Rb6 Bb4 41. Kf3 h5 42. Kf4 Bc3 43. Rc6 Bd2+ 44. Ke5 Bb4 45. Ra6 f6+ 46. Ke6 f5 47. Ke5 Bc3+ 48. Kf4 Kh6 49. h3 Bd2+ 50. Kf3 Kg5 51. h4+ Kh6 52. Re6 Kg7 53. Re2 Bb4 54. Re6 a4 55. Ra6 a3 56. Kf4 Bd2+ 57. Ke5 Bc1 58. Ra7+ Kh6 59. Ra6 Bb2+ 60. Kf4 Kg7 61. Ra7+ Kf6 62. Ra6+ Kf7 63. Ra7+ Ke6 64. Ra6+ Kf7 65. Ra7+ Kf6 66. Ra6+ Kg7 67. Ra7+ Kh6 68. Ra6 Bc1+ 69. Ke5 f4 70. Ke4 Kg7 71. Kf3 1/2-1/2

[Event "IRQ Clubs-chT"]
[Site "Baghdad"]
[Date "2017.08.16"]
[Round "4.2"]
[White "Rabeea, Sabah Nori"]
[Black "Qambar, Salah Noori Qambar"]
[Result "1-0"]
[WhiteElo "1941"]
[BlackElo "2133"]
[PlyCount "65"]
[EventDate "2017.08.16"]
[EventType "team-swiss"]
[EventRounds "7"]
[EventCountry "IRQ"]
[SourceTitle "CBM 180 Extra"]
[Source "ChessBase"]
[SourceDate "2017.10.06"]
[SourceVersion "1"]
[SourceVersionDate "2017.10.06"]
[SourceQuality "1"]
[WhiteTeam "Al Qadissiya"]
[BlackTeam "Hadef"]
[WhiteTeamCountry "IRQ"]
[BlackTeamCountry "IRQ"]

1. d4 d5 2. c4 dxc4 3. Nc3 e5 4. dxe5 Qxd1+ 5. Kxd1 Nc6 6. Nf3 Bg4 7. Bf4 0-0-0+ 8. Kc1 Nge7 9. e3 Ng6 10. Bxc4 Bxf3 11. gxf3 Ncxe5 12. Bxe5 Nxe5 13. Be2 Be7 14. Kc2 Bh4 15. Rhf1 Rd6 16. f4 Nc6 17. a3 Rhd8 18. Ne4 Rg6 19. Ng3 Ne7 20. Rfd1 Rc6+ 21. Kb3 Rcd6 22. Bg4+ Kb8 23. Rxd6 Rxd6 24. Rd1 Rxd1 25. Bxd1 c6 26. Bf3 Kc7 27. Kc4 b5+ 28. Kd3 f5 29. Bg2 c5 30. b3 g6 31. f3 Nd5 32. Ne2 Bf2 33. e4 1-0